| 000 | 00387nam a22001697a 4500 | ||
|---|---|---|---|
| 005 | 20251108172622.0 | ||
| 008 | 250721s9999 xx 000 0 eng d | ||
| 082 | 1 | 4 | _a344.10392TAY |
| 100 | 1 | _aTaylor, S.E | |
| 245 | 1 | 2 | _aA viation law for pilots / |
| 250 | _a7 | ||
| 264 | 1 |
_aLondon : _bBSP, |
|
| 300 | _a164 p | ||
| 650 | 1 | 7 | _aCivil aviation |
| 942 |
_2ddc _cBK |
||
| 999 |
_c84201 _d84201 |
||